| 000 -LEADER |
| fixed length control field |
01359cam a22003134a 4500 |
| 001 - CONTROL NUMBER |
| control field |
14666083 |
| 003 - CONTROL NUMBER IDENTIFIER |
| control field |
NUST |
| 005 - DATE AND TIME OF LATEST TRANSACTION |
| control field |
20171024162217.0 |
| 008 - FIXED-LENGTH DATA ELEMENTS--GENERAL INFORMATION |
| fixed length control field |
061211s2006 pk fh b 000 0 urdo |
| 010 ## - LIBRARY OF CONGRESS CONTROL NUMBER |
| LC control number |
2006312893 |
| 020 ## - INTERNATIONAL STANDARD BOOK NUMBER |
| International Standard Book Number |
9694163684 |
| 025 ## - OVERSEAS ACQUISITION NUMBER |
| Overseas acquisition number |
P-U-2006312893; 15 |
| 040 ## - CATALOGING SOURCE |
| Original cataloging agency |
DLC |
| Transcribing agency |
DLC |
| 042 ## - AUTHENTICATION CODE |
| Authentication code |
lcode |
| 050 00 - LIBRARY OF CONGRESS CALL NUMBER |
| Classification number |
PK2154.5.M86 |
| Item number |
J33 2006 |
| 082 ## - DEWEY DECIMAL CLASSIFICATION NUMBER |
| Classification number |
891.439 |
| Author Mark |
JAB |
| 100 1# - MAIN ENTRY--PERSONAL NAME |
| Personal name |
Jabīn̲, Zubaidah. |
| 9 (RLIN) |
5611 |
| 245 10 - TITLE STATEMENT |
| Title |
Profaisar Muḥammad Munavvar, bat̤aur Iqbāl shanās / |
| Statement of responsibility, etc. |
Zubaidah Jabīn̲. |
| 260 ## - PUBLICATION, DISTRIBUTION, ETC. |
| Place of publication, distribution, etc. |
Lāhaur : |
| Name of publisher, distributor, etc. |
Iqbāl Akādamī, |
| Date of publication, distribution, etc. |
2006. |
| 300 ## - PHYSICAL DESCRIPTION |
| Extent |
230 p. of plates : |
| Other physical details |
facsims. ; |
| Dimensions |
22 cm. |
| 500 ## - GENERAL NOTE |
| General note |
Originally presented as the author's thesis (M.Phil)--Allama Iqbal Open University, 2003. |
| 504 ## - BIBLIOGRAPHY, ETC. NOTE |
| Bibliography, etc. note |
Includes bibliographical references (p. [215]-218). |
| 520 ## - SUMMARY, ETC. |
| Summary, etc. |
Research and critical appreciation of the writings of Muhammad Munawwar, 1923-, study as an expert critic of the works of Sir Muhammad Iqbal, 1877-1938. |
| 546 ## - LANGUAGE NOTE |
| Language note |
In Urdu. |
| 600 10 - SUBJECT ADDED ENTRY--PERSONAL NAME |
| Personal name |
Munawwar, Muhammad, |
| Dates associated with a name |
1923-2000 |
| General subdivision |
Criticism and interpretation. |
| 9 (RLIN) |
5612 |
| 600 10 - SUBJECT ADDED ENTRY--PERSONAL NAME |
| Personal name |
Iqbal, Muhammad, |
| Titles and other words associated with a name |
Sir, |
| Dates associated with a name |
1877-1938 |
| General subdivision |
Criticism and interpretation. |
| 9 (RLIN) |
6 |
| 710 2# - ADDED ENTRY--CORPORATE NAME |
| Corporate name or jurisdiction name as entry element |
Iqbal Academy (Lahore, Pakistan) |
| 9 (RLIN) |
8 |
| 880 ## - ALTERNATE GRAPHIC REPRESENTATION |
| Linkage |
100-01\(3\r |
| Title |
زبیدہ جبیں |
| 880 ## - ALTERNATE GRAPHIC REPRESENTATION |
| Linkage |
245-02\(3\r |
| Title |
پروفیسر محمد منور بطور اقبال شناس |
| c |
زبیدہ جبیں |
| 880 ## - ALTERNATE GRAPHIC REPRESENTATION |
| Linkage |
260-03\(3\r |
| Title |
لاہور: |
| b |
اقبال اکیڈیمی پاکستان، |
| c |
2006 |
| 906 ## - LOCAL DATA ELEMENT F, LDF (RLIN) |
| a |
7 |
| b |
cbc |
| c |
origode |
| d |
3 |
| e |
ncip |
| f |
20 |
| g |
y-gencatlg |
| 942 ## - ADDED ENTRY ELEMENTS (KOHA) |
| Source of classification or shelving scheme |
|
| Koha item type |
Book |